Capitals of the U.S. Beginning with the S - Statistics

General Stats
  • This quiz has been taken 58 times
  • The average score is 4 of 6
Answer Stats
Capitals % Correct
Sacramento
95%
Salem
74%
Saint Paul
72%
Salt Lake City
72%
Springfield
70%
Santa Fe
56%
No matching quizzes found
Score Distribution
Percent of People with Each Score
Percentile by Number Answered
Your Score History
You have not taken this quiz